000 00638cam a2200205 4500
001 WB3610-32
008 000000n2000 000 0 eng u
035 _a(Sirsi) u104638
245 _aProperty shares rising
260 _c2000
490 _aTimes
_v 6 March 2000, 24
490 _aProperty Week
_v 65 (9) 3 March 2000 18 (2)
520 _aProperty Shares are rising again after 6 months of falls. Also discusses the possibility of takeover bids for some property companies.
590 _aWB
650 _aPROPERTY SHARES
650 _aREAL ESTATE INDEX MARKET
650 _aTAKEOVERS
690 _aINVESTMENT
942 _n0
999 _c62780
_d62780